A history of sociological research methods in America: 1920-1960 (Record no. 342001)

MARC details
000 -LEADER
fixed length control field 00553nam a2200193Ia 4500
008 - FIXED-LENGTH DATA ELEMENTS--GENERAL INFORMATION
fixed length control field 191130s1996##################000#0#eng##
020 ## - INTERNATIONAL STANDARD BOOK NUMBER
International Standard Book Number 9780521646499
040 ## - CATALOGING SOURCE
Original cataloging agency ACL
Transcribing agency ACL
082 ## - DEWEY DECIMAL CLASSIFICATION NUMBER
Classification number 301.072073 PLA
100 ## - MAIN ENTRY--PERSONAL NAME
Personal name Platt, Jennifer
245 ## - TITLE STATEMENT
Title A history of sociological research methods in America: 1920-1960
Statement of responsibility, etc. Jennifer Platt
260 ## - PUBLICATION, DISTRIBUTION, ETC.
Place of publication, distribution, etc. Cambridge
Date of publication, distribution, etc. 1996
300 ## - PHYSICAL DESCRIPTION
Extent xi, 333 p
650 ## - SUBJECT ADDED ENTRY--TOPICAL TERM
Topical term or geographic name entry element Sociology research
Topical term or geographic name entry element Sociology- United States
990 ## - EQUIVALENCES OR CROSS-REFERENCES [LOCAL, CANADA]
Link information for 9XX fields fb385501ac10000c3bbe3000e3117004
991 ## -
-- 14890
Holdings
Withdrawn status Lost status Materials specified (bound volume or other part) Damaged status Not for loan Home library Current library Shelving location Date acquired Total Checkouts Full call number Barcode Date last seen Price effective from Koha item type
    pbk     Anna Centenary Library Anna Centenary Library 3RD FLOOR, B WING 15.10.2020   301.072073 PLA 101559 15.10.2020 15.10.2020 English Books

Find us on the map